000 00714nam a22002297a 4500
003 UA-OsUOA
001 55698
007 ta
008 20080918b un ||||| |||| 00| 0 ukr d
090 _a341.1:620.9 (4+477)
_bП68
942 _cBK
040 _aUA-OsUOA
_bukr
_cUA-OsUOA
_dUA-OsUOA
245 _aПравове регулювання сфери енергетики, включаючи ядерну, в Європейському Союзі та в Україні
300 _a640 с.
955 _a1
041 _aukr
080 _a341.1:620.9 (4+477)
020 _a966-8578-07-7
260 _aК.
_bНіка-Прінт
_c2006
650 7 _a341 Міжнародне право
_2UDC
999 _c341733
_d341733